Statistics for Capitals of Slavic Countries

Click here to take the quiz!

General Stats

  • This quiz has been taken 604 times
  • The average score is 12 of 13

Answer Stats

CountryCapital% Correct
RussiaMoscow
97%
BulgariaSofia
92%
PolandWarsaw
92%
SerbiaBelgrade
91%
SlovakiaBratislava
91%
BelarusMinsk
91%
Czech RepublicPrague
91%
UkraineKiev
90%
CroatiaZagreb
90%
Bosnia and HerzegovinaSarajevo
86%
SloveniaLjubljana
85%
MacedoniaSkopje
83%
MontenegroPodgorica
77%

Score Distribution

Percentile by Number Answered

Percent of People with Each Score

Your Score History

You have not taken this quiz